LEADER 01176nam a2200253 i 4500 001 000000213299 003 CaOOAMICUS 005 20230817104234.0 008 120518s1865 it u000 u lat u 040 $aSeMil$bita 100 1 $aLeoni, Pietro,$d.$0(OLS)http://semarc/name/93847 245 10$aCynthii Cenetensis in Virgilii Aeneidem commentarium e codice Ambrosianae bibliothecae, adjectis variorum notis. 264 1$aMediolani :$bTypis Tonchetti et Ferreri,$c1865. 300 $a269 p. ;$c23 cm. 500 $aPer l'A., vedi CLIO 700 1 $aDozio, Giovanni Maria,$d<1798-1863>.$0(OLS)http://semarc/name/75985 700 1 $aVergilius Maro, Publius,$d<70-19 a.C.>.$0(OLS)http://semarc/name/6169 850 $aSeMil 852 $aSeMil$W1$xVenegono$y1$m1Z III 32 FA$j163729$B163729$CSeMilBibl$Z2$F174791 $8I 900 0 $aVirgilio. 996 $6245$aCynthii Cenetensis in Virgilii Aeneidem commentarium e codice Ambrosianae bibliothecae, adjectis variorum notis$9(OLS)http://semarc/title/307558 996 $6264$aMediolani :$bTypis Tonchetti et Ferreri$9(OLS)http://semarc/publisher/52755 LEADER 01267nam a2200265 i 4500 001 000000034354 003 CaOOAMICUS 005 20101120000000.0 008 101120s1985 it u000 u ita u 013 $a652 040 $aSeMil$bita 100 1 $aMerlo, Daniela Margherita.$0(OLS)http://semarc/name/15744 245 10$aMaria Maddalena Frescobaldi, fondatrice delle Suore Passioniste di San Paolo della Croce /$cDaniela Margherita Merlo. 260 $aS. Gabriele :$bEdizioni Eco,$c1985. 300 $aX, 285 p., [36] p. di tav. ;$c20 cm. 490 0 $aDocumenti e testimonianze di spiritualitą ;$v21 650 4$aFrescobaldi, Maria Maddalena .$0(OLS)http://semarc/subject/5819 650 4$aSuore Passioniste.$0(OLS)http://semarc/subject/5820 650 4$aBiografie.$0(OLS)http://semarc/subject/2953 830 0$aDocumenti e testimonianze di spiritualitą ;$v21.$0(OLS)http://semarc/title/24152 850 $aSeMil 852 $aSeMil$W1$xVenegono$y1$m3J II 271$j509$B509$CSeMilBibl$Z2$F509 $81 961 $aOmaggio: Donazione 996 $6245$aMaria Maddalena Frescobaldi, fondatrice delle Suore Passioniste di San Paolo della Croce$9(OLS)http://semarc/title/46430 996 $6260$aS. Gabriele :$bEdizioni Eco$9(OLS)http://semarc/publisher/34831